|
|
|
|
| LEADER |
00828nam a22002057i 4500 |
| 005 |
20220228133628.0 |
| 008 |
161010s2010 gr ||||f |||| 00| p gre d |
| 952 |
|
|
|0 0
|1 0
|2 ddc
|4 0
|6 889_140000000000000_ΑΡΓ
|7 0
|9 206252
|a LISP
|b LISP
|c DON
|d 2016-10-10
|e ΒΑΛ
|i 128804
|l 0
|o 889.14 ΑΡΓ
|p 025000246204
|r 2016-10-10 00:00:00
|t 1
|v 2016.00
|w 2016-10-10
|y BK15
|
| 999 |
|
|
|c 125420
|d 125420
|
| 020 |
|
|
|a 9789604557745
|
| 040 |
|
|
|a GR-PaULI
|b gre
|c GR-PaULI
|e AACR2
|
| 082 |
0 |
4 |
|2 23
|a 889.14
|
| 100 |
1 |
|
|9 133647
|a Αργυροπούλου, Γιώτα
|e συγγραφέας
|
| 245 |
1 |
0 |
|a Διηγήματα /
|c Γιώτα Αργυροπούλου.
|
| 260 |
|
|
|a Αθήνα :
|b Μεταίχμιο,
|c 2010.
|
| 300 |
|
|
|a 75, [2] σ. ;
|c 25 εκ.
|
| 490 |
1 |
|
|a Ποίηση
|
| 830 |
|
0 |
|9 156837
|a Ποίηση
|
| 942 |
|
|
|2 ddc
|c BK15
|
| 998 |
|
|
|c ΛΟΤΣΑΡΗ
|d 2016-10
|